| 000 | 02358cab a22002655a 4500 | ||
|---|---|---|---|
| 001 | L145611 | ||
| 008 | 081027e20080929xxk v 000 0 eng u | ||
| 035 | _a(Sirsi) u145611 | ||
| 041 | 0 | _aeng | |
| 245 | 0 | 0 | _aMultiplex Constructions (UK) Limited v Cleveland Bridge UK Limited and Cleveland Bridge Dorman Long Engineering Ltd (No. 6) |
| 260 | _c2008 | ||
| 520 | _a[2008] EWHC 2220 (TCC), 29 September 2008. The case discusses whether a main contractor could be entitled to damages for breach of contract of a subcontractor. Multiplex Constructions Limited (M), main contractor for the construction of the National Wembley Stadium, contracted with Cleveland Bridge (C) for steel work. M claimed damages against C for breach of contract. Following several disagreements, M reduced C's obligations and fixed a new price for works to be completed by C. C parted from M. The Court of Appeal ruled that C was responsible for breach of contract. The court had to decide: which amount was to be paid by each party to the other; the acceptability of a witness' evidence; and the validity of M's claims for damages. Held: The witness was just a factual witness. M had rights to recover damages for defects. C had to repay M for overpayment for works done. Because of the repudiation, M had gained profit as payments made to other contractor (H) replacing M were cheaper. When C repudiated, M had already decided to part and contracted with H to replace C, therefore M did not suffer loss of production nor delay to the project. C had to repay M damages for breach of contract and interest. | ||
| 520 | _aSee also L133948 and L145615 | ||
| 590 | _aKA | ||
| 650 | 2 | 4 | _aMULTIPLEX CONSTRUCTIONS (UK) LTD V CLEVELAND BRIDGE UK LTD AND ANOTHER |
| 650 | 2 | 4 | _aLUSTY ARCHITECTS V FINSBURY SECURITIES |
| 650 | 2 | 4 | _aDN V GREENWICH LBC |
| 650 | 2 | 4 | _aMAREDELANTO COMPANIA NAVIERA SA V BERGBAU-HANDEL GMBH (THE MIHALIS ANGELOS) |
| 650 | 2 | 4 | _aGOLDEN STRAIT CORPORATION V NIPPON YUSEN KUBISHKA KAISHA |
| 651 | 4 |
_aEngland and Wales _y1543- |
|
| 690 | _aMANAGEMENT-DISPUTE AVOIDANCE, MANAGEMENT AND RESOLUTION-DISPUTE MANAGEMENT AND RESOLUTION | ||
| 690 | _aBUILT ENVIRONMENT-CONSTRUCTION MANAGEMENT-BUILDING CONTRACT ADMINISTRATION | ||
| 856 | 4 | 0 |
_uhttps://www.bailii.org/ew/cases/EWHC/TCC/2008/2220.html _zView the item free of charge at www.bailii.org... |
| 942 | _n0 | ||
| 999 |
_c80901 _d80901 |
||